Q. B. V. D. Solum Virtustis Cultorem Ad Veram Sapientiam Esse Idoneum Indultu Amplissimae Facultatis Philosophicae In Academia Lipsiensi,

Podrobná bibliografia
Hlavný autor: Döler, Johann Carl, 17.-18. storočie (Autor, Autor práce)
Korporatívny autor: Schede, Andreas Martin (Lipsko, Nemecko) (Tlačiar)
Ďalší autori: Claus, Johann Christian, 1684-1763 (Vedúci práce), Schede, Andreas Martin, zomrel 1728 (Tlačiar)
Médium: Diplomová práca Kniha
Jazyk:latinčina
Fyzický popis:12 nečíslovaných listov 4°
Predmet:

MARC

LEADER 00000nam a2200000 4500
001 vtls011920312
003 SK-MaSNL
005 20260301103344.0
008 251112s1719 gw f 000 0 lat
015 |a SNBHFA1719 
040 |a SNKHF  |b slo  |c SNKHF  |e rda 
041 0 |a lat 
044 |a gw  |c DE 
072 7 |a 2-1  |x Prirodzená teológia. Náboženská filozofia  |2 konspekt 
080 |a (043.3)  |2 2011 
080 |a 2‑1  |2 2011 
100 1 |a Döler, Johann Carl,  |d 17.-18. storočie  |4 aut  |4 dis  |9 440466 
245 1 0 |a Q. B. V. D. Solum Virtustis Cultorem Ad Veram Sapientiam Esse Idoneum  |b Indultu Amplissimae Facultatis Philosophicae In Academia Lipsiensi,  |c Ex Sanae Rationis Principiis Monstrabunt Praeses M. Jo. Christianus Clausius, ; Lipsiensis, Et Respondens Joannes Carolus Doehlerus, Microzchoch. Misn. Philos. Baccalaureus. H. L. Q. C. Die XXIV. Martii Anno MDCCXIX 
246 3 0 |a Solum Virtustis Cultorem Ad Veram Sapientiam Esse Idoneum 
264 3 |a Lipsiae  |b Litteris Schedianis  |c MDCCXIX (1719) 
300 |a 12 nečíslovaných listov  |c 4° 
336 |a text  |b txt  |2 rdacontent 
337 |a bez média  |b n  |2 rdamedia 
338 |a zväzok  |b nc  |2 rdacarrier 
500 |a Linky, iniciálka s ornamentálnym pozadím vo voľnom priestore na 6 riadkov, kustody 
501 |a Príväzok 2. k: SUTTINGER, Christoph Gottfried. De Theologiae Et Philosophiae Pugna Adparente. Lipsiae: Literis Andreae Martini Schedii, 1720.  |5 SNK IC 144758 
502 |c Dizertačná práca (Doktor) -- Univerzita v Lipsku, Lipsko, 1719 
510 4 |a WorldCat  |c 961315063 
546 |a Latinčina  |b Antikva  |b Kurzíva 
561 |a Z knižnice Učenej spoločnosti malohontskej.  |5 SNK IC 144758/prív.2 
562 |a Rukopisné marginálie v latinčine.  |5 SNK IC 144758/prív.2 
650 0 7 |a teológia  |2 SNKPH  |9 1814 
655 7 |a dizertácie  |2 SNKPH  |9 70277 
700 1 |a Claus, Johann Christian,  |d 1684-1763  |4 ths  |9 440467 
700 1 |a Schede, Andreas Martin,  |d zomrel 1728  |4 prt  |9 189793 
710 2 |a Učená spoločnosť malohontská  |4 fmo  |9 205374 
710 0 |a Schede, Andreas Martin (Lipsko, Nemecko)  |4 prt  |9 358730 
752 |a Nemecko  |d Lipsko 
852 |a snk  |b Historické fondy  |p IC 144758/prív.2 
958 |a DD 
999 |c 694939  |d 696869 
952 |t MHC 1220  |a SNK  |b SNK  |c SNK_HF  |y PREZ  |7 0  |p 17A1357003  |o snkIC 144758/prív.2  |i snk2020/4916  |8 5  |z 2. príväzok  |0 0  |1 0  |4 0  |d 2020-02-26  |l 0  |r 2026-02-23 20:39:14  |w 2026-02-23